000 01280nam a22002537a 4500
999 _c60453
_d60453
003 Ge_BSU
005 20230721122621.0
008 230721s2023ge xxu||||| |||| 00| 0 geo d
020 _a9789941501470
041 _ageo
080 _a340 ბ-72
100 _aბიქსი, ბ. ჰ.
_919487
245 _aიურისპრუდენცია :
_bთეორია და კონტექსტი /
_cბრაიან ჰ. ბიქსი , მთარგ.: ლაშა ლურსმანაშვილი, რედ.: გიორგი თავაძე,
250 _aმერვე გამოცემა , პირველი ქართული გამოცემა
264 _aთბილისი :
_bნეკერი,
_c2023.
300 _a439 გვ.
_b24 სმ.
653 _aიურისპრუდენცია
653 _aსამართალი
700 _aლურსმანაშვილი, ლაშა
_eმთარგმნელი
_98138
700 _aთავაძე, გიორგი
_eრედაქტორი
_92230
710 _aაღმოსავლეთ ევროპის უნივერსიტეტ
_919488
773 _tნაჩუქარი
942 _2udc
_cBK